Представление документа в формате RUSMARC

ПолеНазваниеЗначение
  Тип записи a
  Библиографический уровень m
001 Контрольный номер UONB/MAIN/cee85430093149a0aa67bcb4c7d539f0
005 Дата корректировки 20260326124542.4
010 Индекс ISBN __
9 Тираж 400 экз.
100 Данные общей обработки __
a Данные общей обработки 20110812d2012 u y0rusy0189 ca
101 Язык документа 0_
a Язык текста rus
102 Страна публикации __
a Страна публикации RU
105 Кодированные данные (монография) __
a Кодированные данные (монография) a z 101yy
200 Заглавие и сведения об ответственности 1_
a Заглавие Инновационные технологии в гуманитарных науках
e Сведения, относящиеся к заглавию труды 6-й Международной конференции
f Первые сведения об ответственности Министерство образования и науки Российской Федерации, Ульяновский государственный университет [и др.]
g Последующие сведения об ответственности под редакцией С. В. Булярского
203 Вид содержания и тип средства __
a Вид содержания Текст
b Характеристика содержания визуальный
c Тип средства непосредственный
210 Выходные данные 1_
a Место издания Ульяновск
c Издательство УлГУ
d Дата издания 2012
215 Физическое описание __
a Объем 265 с.
d Формат 21 см
c Иллюстрации/тип воспроизводства ил., граф.
320 Библиография __
a Библиография Библиогр. в конце ст.
320 Библиография __
a Библиография Указ. имен: с. 255-257
606 Тематические рубрики 0_
a Основная рубрика Гуманитарные науки
x Основная подрубрика Инновации
j Формальный подзаголовок Сборники
610 Ключевые слова 0_
a Ключевые слова инновации в гуманитарных науках
610 Ключевые слова 0_
a Ключевые слова конференции педагогические; конференции педагогические; инновационная экономика; игровые технологии в образовании; инновационные технологии в педагогике; инновации в библиотечном деле
686 Индексы других классификаций __
a Классификационный индекс 74.580я43
2 Код системы rubbk
702 Вторичная интеллектуальная ответственность _1
a Фамилия Булярский
b Имя (инициалы) С. В.
4 Код отношения 340
g Полное личное имя Сергей Викторович
712 Наименование организации (Вторичная ответственность) 02
a Организация/ юрисдикция Ульяновский государственный университет
4 Код отношения 570
712 Наименование организации (Вторичная ответственность) 02
a Организация/ юрисдикция Российский гуманитарный научный фонд
4 Код отношения 570
712 Наименование организации (Вторичная ответственность) 02
a Организация/ юрисдикция Академия наук Республики Татарстан
4 Код отношения 570
801 Источник записи _0
a Страна RU
b Организация Ульяновская ОНБ
c Дата составления 20260127
g Правила каталогизации RCR
801 Источник записи _1
a Страна RU
b Организация Ульяновская ОНБ
c Дата составления 20260127
g Правила каталогизации RCR
900 Электронные ресурсы __
a Имя электронного ресурса 526ц0085
900 Электронные ресурсы __
a Имя электронного ресурса 526ц0086 (1)
901 Тип документа __
t Тип документа m
909 Создатель записи __
a Создатель записи Макушик
b Дата создания записи 20260127
910 Корректоры записи __
a Корректор записи Пряхина
b Дата внесения изменения в запись 20260326